Tydskrif vir die Suid_Afrikaanse Reg / (Record no. 1414)

MARC details
000 -LEADER
fixed length control field 00514nam a22001697a 4500
005 - DATE AND TIME OF INPUT
control field 20240307070920.0
008 - DATA ELEMENTS--GENERAL INFORMATION
fixed length control field 240307b |||||||| |||| 00| 0 eng d
022 ## - INTERNATIONAL STANDARD SERIAL NUMBER
International Standard Serial Number 02577747
041 ## - LANGUAGE CODE
Language code of text Afrikaans / English
082 ## - SHELF NUMBER
DDC number 349 TYD
100 ## - MAIN AUTHOR
Language of a work Afrikaans / English
245 ## - TITLE STATEMENT
Title Tydskrif vir die Suid_Afrikaanse Reg /
Statement of responsibility, etc. JC Sonnekus
260 ## - PUBLICATION, DISTRIBUTION, ETC.
Place of publication, distribution, etc. Kaapstad :
Name of publisher, distributor, etc. Juta en Kie Bpk,
Date of publication, distribution, etc. 1986
300 ## - PHYSICAL DESCRIPTION
Other physical details 78 blaadsye ;
Dimensions 25 cm.
650 ## - SUBJECT`
Broad subject Legal practice
Own subject terms Law
942 ## - ADDED ENTRY ELEMENTS (KOHA)
Item type Books
942 ## - ADDED ENTRY ELEMENTS (KOHA)
-- ALISON_BN_VRIES
Holdings
Source of classification or shelving scheme Volume number (bound volume or other part) Not for loan Collection code Home library Current library Shelving location Date acquired Full call number Barcode Price effective from Koha item type
Dewey Decimal Classification Gekonsolideerde Indeks 1976-1985   SERIES LAW SOCIETY OF NAMIBIA LIBRARY - WINDHOEK LAW SOCIETY OF NAMIBIA LIBRARY - WINDHOEK Tydsckrif vir die Suid-Afrikaan se reg (Journal of South African law) 03/07/2024 349 TYD LSN/2023/698 03/07/2024 Books